<?xml version="1.0" encoding="UTF-8"?>
<record
    xmlns:xsi="http://www.w3.org/2001/XMLSchema-instance"
    xsi:schemaLocation="http://www.loc.gov/MARC21/slim http://www.loc.gov/standards/marcxml/schema/MARC21slim.xsd"
    xmlns="http://www.loc.gov/MARC21/slim">

  <leader>00725nam a22001817a 4500</leader>
  <controlfield tag="003">NUST-PNEC</controlfield>
  <controlfield tag="005">20170116180720.0</controlfield>
  <controlfield tag="008">141025b        xxu||||| |||| 00| 0 eng d</controlfield>
  <datafield tag="020" ind1=" " ind2=" ">
    <subfield code="a">1931222002</subfield>
  </datafield>
  <datafield tag="040" ind1=" " ind2=" ">
    <subfield code="c">PNEC</subfield>
  </datafield>
  <datafield tag="082" ind1=" " ind2=" ">
    <subfield code="a">620.106 HOF</subfield>
  </datafield>
  <datafield tag="100" ind1=" " ind2=" ">
    <subfield code="9">819</subfield>
    <subfield code="a">Hoffmann Klaus A</subfield>
  </datafield>
  <datafield tag="245" ind1=" " ind2=" ">
    <subfield code="a">Student guide to CFD Volume 1</subfield>
    <subfield code="c">Klaus A Hoffmann</subfield>
  </datafield>
  <datafield tag="260" ind1=" " ind2=" ">
    <subfield code="a">Wichita, Kan. :</subfield>
    <subfield code="b">Engineering Education System, </subfield>
    <subfield code="c">c.2000.</subfield>
  </datafield>
  <datafield tag="300" ind1=" " ind2=" ">
    <subfield code="a">3 v. 227 p. : </subfield>
    <subfield code="b">ill. ; </subfield>
    <subfield code="c">28 cm.</subfield>
  </datafield>
  <datafield tag="500" ind1=" " ind2=" ">
    <subfield code="a">https://www.worldcat.org/title/student-guide-to-cfd/oclc/48482640&amp;referer=brief_results  http://www.amazon.com/Student-Guide-Computational-Fluid-Dynamics/dp/1931222002/ref=sr_1_1?ie=UTF8&amp;qid=1414217958&amp;sr=8-1&amp;keywords=1931222002</subfield>
  </datafield>
  <datafield tag="942" ind1=" " ind2=" ">
    <subfield code="2">ddc</subfield>
    <subfield code="c">BK</subfield>
  </datafield>
  <datafield tag="999" ind1=" " ind2=" ">
    <subfield code="c">61351</subfield>
    <subfield code="d">61351</subfield>
  </datafield>
  <datafield tag="952" ind1=" " ind2=" ">
    <subfield code="0">0</subfield>
    <subfield code="1">0</subfield>
    <subfield code="2">ddc</subfield>
    <subfield code="4">0</subfield>
    <subfield code="7">0</subfield>
    <subfield code="a">PNEC</subfield>
    <subfield code="b">PNEC</subfield>
    <subfield code="c">REF</subfield>
    <subfield code="d">2013-03-26</subfield>
    <subfield code="e">Progressive International Agency</subfield>
    <subfield code="g">5984.00</subfield>
    <subfield code="l">0</subfield>
    <subfield code="o">620.106 HOF</subfield>
    <subfield code="p">PNECLIB-031173</subfield>
    <subfield code="r">2014-10-25</subfield>
    <subfield code="v">5984.00</subfield>
    <subfield code="w">2013-03-26</subfield>
    <subfield code="y">BK</subfield>
  </datafield>
</record>
